01164cam a22002891 4500001001300000003000400013005001700017008004100034010001700075035001900092040003100111043001200142050002200154051001700176082001100193086001600204100003400220245023100254260004800485300007400533410005600607500004300663504003600706650005500742650006000797999001700857gs 53000334 DLC20260227111401.0780708s1953 dcuabd b f000 0 eng  ags 53000334  a(OCoLC)4032368 aDLCcOClUdISSdOCoLCdDLC an-us-co00aQE75b.P9 no. 235 aQE92.M63bB4 a557.880 aI 19.16:2351 aBehre, Chas. H.q(Charles H.)10aGeology and ore deposits of the west slope of the Mosquito Range.bIncludes the Leadville, Colorado, mining district.cPrepared in cooperation with the Colorado State Geological Survey Board and the Colorado Metal Mining Fund. aWashington,bU.S. Govt. Print. Off.,c1953. avii, 176 p.billus., maps (10 fold., 4 col.) diagrs., tables.c29 cm.20aGeological Survey (U.S.).tProfessional paper,v235 aPart of illustrative matter in pocket. a"Literature cited": p. 169-172. 0aGeologyzColoradozMosquito Range Mining District. 0aOre depositszColoradozMosquito Range Mining District. c28806d28806